Siete pre SMART aplikácie – technológia LiFi

Saved in:
Bibliographic Details
Main Author: Hecl, David (Author)
Other Authors: Baroňák, Ivan (Thesis advisor)
Format: Manuscript Book
Language:Slovak
Published: 2019
Subjects:
Online Access:http://is.stuba.sk/zp/portal_zp.pl?podrobnosti=147620
Tags: Add Tag
No Tags, Be the first to tag this record!

MARC

LEADER 00000ntm a22000003a 4500
001 stuzp71686
003 SK-STU
005 20190719094441.4
007 ta
008 150427s2015----xo-----f-mn---000-0-slo-d
040 |a STU  |b slo 
041 0 |a slo 
044 |a xo 
100 1 |a Hecl, David  |u 037000  |4 aut  |U FEI Fakulta elektrotechniky a informatiky  |T FEI Ústav multimediálnych informačných a komunikačných technológií  |X 79546  |U E070  |Y 818  |7 79546 
242 0 1 |a Networks for SMART applications - LiFi technology  |y eng 
245 1 0 |a Siete pre SMART aplikácie – technológia LiFi 
260 |c 2019 
300 |a 43 s. 
650 4 |a LiFi  |2 slo 
650 4 |a UV  |2 slo 
650 4 |a LED  |2 slo 
650 4 |a Autonómne vozidlo  |2 slo 
650 4 |a TCP  |2 slo 
650 4 |a V2V  |2 slo 
650 4 |a V2C  |2 slo 
650 4 |a VLC  |2 slo 
650 4 |a IoT  |2 slo 
650 4 |a IR  |2 slo 
650 4 |a Cluster  |2 slo 
650 4 |a SARTRE  |2 slo 
650 4 |a LASER  |2 slo 
650 4 |a Transceiver  |2 slo 
650 4 |a Smart City  |2 slo 
650 4 |a LED  |2 eng 
650 4 |a Transceiver  |2 eng 
650 4 |a LASER  |2 eng 
650 4 |a V2V  |2 eng 
650 4 |a V2C  |2 eng 
650 4 |a VLC  |2 eng 
650 4 |a LiFi  |2 eng 
650 4 |a IoR  |2 eng 
650 4 |a IR  |2 eng 
650 4 |a UV  |2 eng 
650 4 |a Cluster  |2 eng 
650 4 |a SARTRE  |2 eng 
650 4 |a Smart City  |2 eng 
650 4 |a Autonomous vehicle  |2 eng 
650 4 |a TCP  |2 eng 
700 1 |a Baroňák, Ivan  |u 037000  |k Z1  |4 ths  |U FEI Fakulta elektrotechniky a informatiky  |T FEI Ústav multimediálnych informačných a komunikačných technológií  |X 1925  |U E070  |Y 818  |7 A000001925 
856 4 |u http://is.stuba.sk/zp/portal_zp.pl?podrobnosti=147620 
996 |b 284ER02919  |c E*Bc- 2919  |l EE37  |s P  |a 0  |w stuzp71686_0001